Informační zdroje a fondy

Na minha lista:
Detalhes bibliográficos
Autor principal: Dudinská, Elvíra
Autor Corporativo: Vysoká škola ekonomická v Praze. Fakulta řízení
Outros Autores: Šilhán, Oto
Formato: Livro
Idioma:tcheco
Publicado em: Praha Vysoká škola ekonomická 1984
Tags: Adicionar Tag
Sem tags, seja o primeiro a adicionar uma tag!

MARC

LEADER 00000nam a2200000 4500
001 c108815
005 20230116103331.5
041 0 |a cze 
044 |a CZ 
245 1 0 |a Informační zdroje a fondy  |c Elvíra Dudinská, Oto Šilhán 
264 1 |a Praha  |b Vysoká škola ekonomická  |c 1984 
300 |a 206 s. 
100 1 |a Dudinská, Elvíra 
700 1 |a Šilhán, Oto 
710 2 |a Vysoká škola ekonomická v Praze. Fakulta řízení